Football nominé trophée Kopa 2025 - Statistiques

Statistiques générales
  • Ce quiz a été pris 83 fois
  • Le résultat moyen est 7 sur 10
Statistiques - réponses
Hint Réponse % Correct
Barcelone Yamal
97%
Psg Doué
92%
Barcelone Cubarsi
76%
Psg Neves
69%
Juventus Yildiz
69%
Palmeiras Estevao
59%
Losc Bouaddi
57%
Porto Mora
54%
Bournemouth Huijsen
53%
Arsenal Lewis Skelly
49%
Aucun quiz correspondant
Distribution des résultats
% des personnes avec chaque résultat
Percentile par nombre de réponses
Votre historique - résultats
Vous n’avez pas pris ce quiz